Every Conan Gray Song - Statistics

General Stats
  • This quiz has been taken 36 times
  • The average score is 51 of 67
Answer Stats
Hint Answer % Correct
10 Heather
100%
3 Crush Culture
94%
1 Actor
89%
8 Caramel
89%
8 Family Line
89%
5 Lookalike
89%
3 Maniac
89%
11 Boys & Girls
83%
15 Door
83%
1 Found Heaven
83%
14 House That Always Rains
83%
4 Lonely Dancers
83%
1 Movies
83%
7 Nauseous
83%
2 Never Ending Song
83%
2021 Overdrive
83%
2 People Watching
83%
10 Sunset Tower
83%
17 The Best
83%
6 The Cut That Always Bleeds
83%
12 The Exit
83%
12 The Story
83%
2 This Song
83%
3 Vodka Cranberry
83%
2 Wish You Were Sober
83%
5 Alley Rose
78%
5 Astronomy
78%
13 Bed Rest
78%
4 Best Friend
78%
8 Bourgeoisieses
78%
5 Checkmate
78%
9 Connell
78%
11 Eleven Eleven
78%
2 Generation Why
78%
11 Memories
78%
16 Moths
78%
5 My World
78%
4 (Online Love)
78%
9 Summer Child
78%
13 Winner
78%
12 Care
72%
6 Class Clown
72%
3 Disaster
72%
7 Fight or Flight
72%
4 Greek God
72%
4 Romeo
72%
2021 Telepath
72%
6 Yours
72%
8 Affluenza
67%
9 (Can We Be Friends?)
67%
1 Comfort Crowd
67%
13 Do I Dare
67%
10 Eye Of The Night
67%
10 Footnote
67%
7 Jigsaw
67%
12 Killing Me
67%
11 Little League
67%
6 The Final Fight
67%
2019 The King
67%
9 Forever With Me
61%
2024 Holidays
61%
1 Idle Town
61%
7 Miss You
61%
2019 The Other Side
61%
3 Fainted Love
56%
2020 Fake (ft. Lauv)
56%
2018 Grow
56%
No matching quizzes found
Score Distribution
Percent of People with Each Score
Percentile by Number Answered
Your Score History
You have not taken this quiz